[Event "Berlin Spandau op"]
[Site "Berlin"]
[Date "2019.12.28"]
[Round "3"]
[White "Hahn, Thomas"]
[Black "Bui, Bao Anh Le"]
[Result "0-1"]
[WhiteElo "1928"]
[BlackElo "2078"]
[PlyCount "114"]
[EventDate "2019.12.27"]
[EventType "swiss"]
[EventRounds "7"]
[EventCountry "GER"]
[SourceTitle "CBM 194 Extra"]
[Source "ChessBase"]
[SourceDate "2020.03.31"]
[SourceVersion "1"]
[SourceVersionDate "2020.03.31"]
[SourceQuality "1"]

1. d4 d5 2. Bf4 e6 3. Nf3 Bd6 4. Bg3 Nf6 5. e3 c5 6. c3 Qc7 7. Bd3 Nbd7 8. Bxd6 Qxd6 9. Nbd2 0-0 10. 0-0 e5 11. dxe5 Nxe5 12. Nxe5 Qxe5 13. Nf3 Qh5 14. Qa4 Bg4 15. Qf4 Rfd8 16. Ne5 Be2 17. Rfe1 Bxd3 18. Nxd3 Rac8 19. Qa4 a6 20. Rac1 Rd6 21. Qf4 Rcc6 22. Red1 b5 23. Qf3 Qxf3 24. gxf3 g5 25. h3 Nd7 26. Kh2 f6 27. Rc2 Kf7 28. Kg2 Nb6 29. Nc1 Rc7 30. Ne2 Rd8 31. Ng3 Ke6 32. Rcd2 Rcd7 33. Ne2 Kd6 34. e4 Kc6 35. exd5+ Nxd5 36. Kh2 a5 37. a3 a4 38. Rd3 Rd6 39. Kg3 h5 40. Kh2 Nf4 41. Nxf4 gxf4 42. Rxd6+ Rxd6 43. Re1 Rd2 44. Re6+ Kd5 45. Rxf6 Rxf2+ 46. Kg1 Rxb2 47. Rxf4 b4 48. cxb4 cxb4 49. axb4 a3 50. Rf5+ Ke6 51. Rxh5 a2 52. Ra5 Rb1+ 53. Kg2 a1Q 54. Rxa1 Rxa1 55. Kg3 Kf5 56. h4 Rb1 57. h5 Rxb4 0-1

[Event "Berlin Spandau op"]
[Site "Berlin"]
[Date "2017.12.27"]
[Round "2"]
[White "Hahn, Thomas"]
[Black "Baumgardt, Uwe"]
[Result "1/2-1/2"]
[WhiteElo "1918"]
[BlackElo "2138"]
[PlyCount "117"]
[EventDate "2017.12.27"]
[EventType "swiss"]
[EventRounds "7"]
[EventCountry "GER"]
[SourceTitle "CBM 182 Extra"]
[Source "ChessBase"]
[SourceDate "2018.02.23"]
[SourceVersion "1"]
[SourceVersionDate "2018.02.23"]
[SourceQuality "1"]

1. d4 d6 2. Bf4 g6 3. Nf3 Bg7 4. e3 c6 5. c3 Qb6 6. b3 Bg4 7. Be2 Nd7 8. Nbd2 Ngf6 9. e4 Bxf3 10. Bxf3 0-0 11. 0-0 Rfd8 12. Qc2 e5 13. Nc4 Qc7 14. dxe5 dxe5 15. Bg5 Nf8 16. Rad1 Ne6 17. Be3 b5 18. Nb2 c5 19. Rxd8+ Rxd8 20. Rd1 h5 21. Rxd8+ Qxd8 22. Qd3 Qa5 23. a4 c4 24. Qc2 cxb3 25. Qxb3 Nd4 26. Qb4 Qxb4 27. cxb4 a6 28. axb5 axb5 29. Nd3 Bf8 30. Kf1 Nd7 31. Bd1 Nc6 32. Bd2 f6 33. Bb3+ Kg7 34. Be6 Nb6 35. Bc3 Nd4 36. Bxd4 exd4 37. Nc5 Nc4 38. Ke2 Ne5 39. f4 Nc6 40. Bd7 Nxb4 41. Ne6+ Kf7 42. Nxd4 Bc5 43. Nxb5 Ke7 44. Bc8 Nc6 45. Kd3 Bg1 46. h3 Bh2 47. Bb7 Nd8 48. Bd5 Bxf4 49. Nc3 Be5 50. Nd1 Ne6 51. Bxe6 Kxe6 52. g4 hxg4 53. hxg4 Bb8 54. Ke3 Ke5 55. Nc3 Ba7+ 56. Kf3 Bd4 57. Nd5 f5 58. gxf5 gxf5 59. exf5 1/2-1/2

[Event "Berlin Spandau op 2nd"]
[Site "Berlin"]
[Date "2016.12.28"]
[Round "4"]
[White "Hansch, Stephan"]
[Black "Hahn, Thomas"]
[Result "0-1"]
[WhiteElo "2120"]
[BlackElo "1909"]
[PlyCount "90"]
[EventDate "2016.12.27"]
[EventType "swiss"]
[EventRounds "7"]
[EventCountry "GER"]
[SourceTitle "CBM 176 Extra"]
[Source "ChessBase"]
[SourceDate "2017.03.02"]
[SourceVersion "1"]
[SourceVersionDate "2017.03.02"]
[SourceQuality "1"]

1. d4 Nf6 2. c4 g6 3. Nc3 Bg7 4. Nf3 0-0 5. g3 d6 6. Bg2 c6 7. 0-0 Re8 8. e4 Nbd7 9. h3 e5 10. Re1 Qb6 11. d5 cxd5 12. cxd5 Nc5 13. Qe2 Bd7 14. Nd2 a6 15. Nc4 Qc7 16. b4 Na4 17. Nxa4 Bxa4 18. Bg5 Bb5 19. Rec1 Rac8 20. Qf3 Nxe4 21. Nxd6 Nxg5 22. Qg4 Qxd6 23. Rxc8 Rxc8 24. Qxc8+ Bf8 25. h4 Bd7 26. Qxb7 Nh3+ 27. Bxh3 Bxh3 28. b5 axb5 29. Qxb5 Qf6 30. Qe2 Ba3 31. Re1 Bc5 32. Rc1 Bd4 33. a4 h5 34. Rc2 Bg4 35. Qf1 Qf3 36. Kh2 Qxd5 37. Qb5 Qf3 38. Qf1 Bf5 39. Qe2 Qb3 40. Rc4 Be6 41. Rc6 Bd5 42. Rd6 Bf3 43. Qb5 Qc2 44. Qe8+ Kg7 45. Rxg6+ Qxg6 0-1

[Event "Nuremberg Zabo op 15th"]
[Site "Nuremberg"]
[Date "2013.09.22"]
[Round "4"]
[White "Thuerauf, Peter"]
[Black "Hahn, Thomas"]
[Result "1-0"]
[WhiteElo "1845"]
[BlackElo "1650"]
[PlyCount "141"]
[EventDate "2013.09.20"]
[EventType "swiss"]
[EventRounds "5"]
[EventCountry "GER"]
[SourceTitle "EXT 2016"]
[Source "ChessBase"]
[SourceDate "2015.10.08"]
[SourceVersion "1"]
[SourceVersionDate "2015.10.08"]
[SourceQuality "1"]

1. d4 Nf6 2. Nf3 g6 3. c4 Bg7 4. g3 0-0 5. Bg2 c5 6. 0-0 cxd4 7. Nxd4 Qb6 8. Nc3 Nc6 9. Nb3 d6 10. e4 Ne5 11. Be3 Qc7 12. Nd5 Qd8 13. Rc1 Bg4 14. f3 Bd7 15. Qe2 a6 16. Bb6 Qe8 17. Nc7 Qc8 18. Nxa8 Qxa8 19. Nd2 Be6 20. b3 Nfd7 21. Bf2 Nc5 22. Bxc5 dxc5 23. f4 Nc6 24. e5 Qc8 25. Bxc6 Qxc6 26. Ne4 b6 27. Qf3 Qc8 28. Qe3 Bd7 29. Rfe1 Bc6 30. Rcd1 Rd8 31. Rxd8+ Qxd8 32. Qd2 Qxd2 33. Nxd2 Kf8 34. Kf2 Ke8 35. Rd1 Bd7 36. Ne4 h6 37. Nc3 f6 38. exf6 Bxf6 39. Nd5 Bd4+ 40. Kf3 e6 41. Nxb6 Bc6+ 42. Ke2 g5 43. fxg5 hxg5 44. Kd3 Kf7 45. Rf1+ Kg6 46. Nc8 Kh5 47. Ne7 Bg2 48. Re1 e5 49. Nf5 e4+ 50. Ke2 Bf3+ 51. Kf1 Bc3 52. Rc1 Bb4 53. Kf2 Kg4 54. Ne3+ Kh3 55. Nf1 Kg4 56. h4 Kf5 57. Ne3+ Kg6 58. hxg5 Kxg5 59. Nf1 Ba5 60. Nh2 Bh5 61. Ke3 Bg6 62. Rd1 Bc7 63. Rd5+ Kf6 64. Nf1 Ke6 65. g4 Bh7 66. Nd2 Bh2 67. Nxe4 Bg1+ 68. Kf4 Bh2+ 69. Ng3 Bb1 70. Rd2 Bxg3+ 71. Kxg3 1-0

[Event "Potsdam Christmas 35th"]
[Site "Potsdam"]
[Date "2010.12.29"]
[Round "5.1"]
[White "Dauth, Benjamin"]
[Black "Hahn, Thomas"]
[Result "1-0"]
[WhiteElo "2329"]
[BlackElo "1843"]
[PlyCount "51"]
[EventDate "2010.12.27"]
[EventType "swiss"]
[EventRounds "7"]
[EventCountry "GER"]
[SourceTitle "EXT 2022"]
[Source "ChessBase"]
[SourceDate "2021.10.06"]
[SourceVersion "1"]
[SourceVersionDate "2021.10.06"]
[SourceQuality "1"]

1. e4 d5 2. Nc3 d4 3. Nce2 e5 4. f4 Nf6 5. d3 Bb4+ 6. c3 dxc3 7. bxc3 Bd6 8. Nf3 Nfd7 9. d4 exd4 10. e5 Be7 11. Nexd4 Nc5 12. Bc4 0-0 13. 0-0 Nc6 14. Nxc6 bxc6 15. Nd4 Qe8 16. Qf3 Ne6 17. f5 Ng5 18. Qg3 Ne4 19. Qe3 Ng5 20. f6 gxf6 21. exf6 Bxf6 22. Rxf6 Qxe3+ 23. Bxe3 Ne4 24. Rxc6 Nxc3 25. Rxc7 Ne4 26. Bd5 1-0

[Event "Berlin Lichtenberger op 8th"]
[Site "Berlin"]
[Date "2009.08.23"]
[Round "9"]
[White "Herrmann, Eberhard"]
[Black "Hahn, Thomas"]
[Result "0-1"]
[WhiteElo "1827"]
[BlackElo "1826"]
[PlyCount "36"]
[EventDate "2009.08.15"]
[EventType "swiss"]
[EventRounds "9"]
[EventCountry "GER"]
[SourceTitle "CBM 131 Extra"]
[Source "ChessBase"]
[SourceDate "2009.09.03"]
[SourceVersion "2"]
[SourceVersionDate "2009.09.16"]
[SourceQuality "1"]

1. e4 d5 2. exd5 Qxd5 3. d4 Nc6 4. Be3 e5 5. c4 Qa5+ 6. Bd2 Bb4 7. d5 Nd4 8. Bd3 Nf6 9. Ne2 Bg4 10. 0-0 e4 11. f3 exf3 12. Bxb4 Qxb4 13. a3 Qc5 14. Qa4+ b5 15. b4 Nxe2+ 16. Kh1 fxg2+ 17. Kxg2 Bh3+ 18. Kxh3 Qe3+ 0-1

[Event "Berlin Lichtenberger op 8th"]
[Site "Berlin"]
[Date "2009.08.19"]
[Round "5"]
[White "Torzinski, Nils"]
[Black "Hahn, Thomas"]
[Result "0-1"]
[WhiteElo "1332"]
[BlackElo "1826"]
[PlyCount "108"]
[EventDate "2009.08.15"]
[EventType "swiss"]
[EventRounds "9"]
[EventCountry "GER"]
[SourceTitle "CBM 131 Extra"]
[Source "ChessBase"]
[SourceDate "2009.09.03"]
[SourceVersion "2"]
[SourceVersionDate "2009.09.16"]
[SourceQuality "1"]

1. e4 d5 2. exd5 Qxd5 3. Nc3 Qa5 4. Nf3 Nf6 5. Bc4 Bf5 6. d3 e6 7. 0-0 Nbd7 8. Bf4 Bd6 9. Qd2 Bxf4 10. Qxf4 0-0 11. h3 c6 12. Nh4 Bg6 13. Nxg6 hxg6 14. Qg3 Qb4 15. Bb3 Nc5 16. Rfd1 Rfd8 17. Qf3 a5 18. a3 Qd4 19. Ba2 Rac8 20. Qe3 Qd6 21. d4 Ncd7 22. Ne4 Nxe4 23. Qxe4 Nf6 24. Qe5 Kf8 25. Qxa5 b5 26. Qb4 Qxb4 27. axb4 Rd7 28. c3 Ra7 29. Bb3 Rca8 30. Rxa7 Rxa7 31. Kf1 Ke7 32. Ke2 Kd6 33. f4 Nd5 34. Kf3 Nb6 35. Ke4 Na4 36. Rd2 Nb6 37. Rd1 Na4 38. Rd2 Nb6 39. g4 Ra1 40. Kf3 Rb1 41. Re2 Na4 42. Ke4 Nxc3+ 43. bxc3 Rxb3 44. Kd3 Rb1 45. Rf2 Rh1 46. Rf3 f6 47. Kd2 Kd5 48. Kd3 Rh2 49. f5 exf5 50. gxf5 g5 51. Ke3 Kc4 52. Ke4 Re2+ 53. Re3 Rxe3+ 54. Kxe3 Kxc3 0-1